000 00573nam a22002171i 4500
001 9637
010 _a9789727102907
090 _a9637
100 _a20170304u u u0frey50 ba
101 0 _apor
200 1 _fLuísa Ducla Soares
_a1 2 3
_gil. Pedro Leitão
210 _cTerramar
_aLisboa
_d2001
215 _a[32] p.
_cil.
_d27 cm
606 _aPoesia infantil
_9506
606 _aNúmeros
_92931
_xAprendizagem
675 _a087.5
_92104
700 1 _aSoares
_bLuísa Ducla
_4070
_f1939-
_92431
701 1 _aLeitão
_bPedro
_4440
801 _aPT
_gRPC
990 _cLIVROS
994 _aCOMP